000 00455cam a2200145 4500500
005 20260329002246.0
041 _afre
042 _adc
100 1 0 _aMichaud, Yves
_eauthor
245 0 0 _aLa maison ne fait plus crédit
260 _c2011.
500 _a67
786 0 _nPhilosophie magazine | 53 | 10 | 2011-10-01 | p. 1-1 | 1951-1787
856 4 1 _uhttps://shs.cairn.info/magazine-philosophie-magazine-2011-10-page-1?lang=fr&redirect-ssocas=7080
999 _c1813269
_d1813269